000 00691nam a22002057a 4500
005 20160804103949.0
010 _aENG-115627
020 _a9789351437970
_c525.00
035 _aEN-99159
037 _bDBAD/PUB
082 _a344.5401
100 _aVohra,Amit
245 _aIndustrial, labour and general laws :
_btheory,cases and MCQs [CS executive programme,module-II Paper-7] /
_cby Amit Vohra
250 _a2nd ed.
260 _aGurgaon
_bLexisNexis
_c2016
270 _a14th Floor, Bldg. No.10, Tower-B, DLF Cyber City, Phase-II
_bGurgaon
_e122002
300 _a522p
_b28cm(pbk)
490 _aCS Executive Module II paper VII
942 _2ddc
_cEN
_mVOH
_h344.5401
999 _c101766
_d101766